• 首页
  • 本馆介绍
  • 公告通知
  • 最新文献
  • 馆藏检索
  • 电子资源
  • 读者导购
  • 参考咨询
  • 我的图书馆
  • 登录
  • 详细信息显示
  • 放入我的书架
  • 预约/预借图书
  • 作者相关作品
  • 分类相关作品
  • 丛书相关作品
  • 出版社相关作品

书目信息

  • 表格格式
  • 工作单格式
  • 卡片格式
题名:
科学管理
    
 
作者: 丁振 编
分册:  
出版信息: 上海   上海科学技术文献出版社  1979
页数: 97页
开本: 26cm
丛书名:
单 册:
中图分类: G311
科图分类:
主题词: 科研管理
电子资源:
ISBN:
000 00565nam2 2200229 45
001 0179001581
005 20060808111740.46
010    @dCNY0.80
091    @aCN@b13192.4
100    @a19950814d1979 em y0chiy0121 ea
101 0  @achi
102    @aCN@b310000
105    @ay z 000yy
200 10 @a科学管理@Ake xue guan li@f丁振编
210    @a上海@c上海科学技术文献出版社@d1979
215    @a97页@d26cm
300    @a国内发行
606    @a科研管理
690    @aG311@v3
701  0 @a丁振@Ading zhen@4编
801  0 @aCN@bTSSF@c20060808
905    @a10447@dG311@e18
    
    科学管理/丁振编.-上海:上海科学技术文献出版社,1979
    97页;26cm
    国内发行
    
    ISBN :CNY0.80
    
●
相关链接 在E读中查询图书 在五车中查询图书 在当当中查询图书 在豆瓣中查询图书


正题名:科学管理     索取号:G311/18         预约/预借

序号 登录号 条形码 馆藏地/架位号 状态 备注
1 0447319   204473195   密集书库/ [索取号:G311/18] 在馆    
唐山师范学院图书馆 欢迎您!
大连网信软件有限公司© 版权所有